000 00612nam a2200193Ia 4500
003 GCL
008 140319s9999 xx 000 0 ara d
040 _aGCL /
_cGCL
082 0 4 _a320.5
_bع ا
100 1 _aعبدالله لشاهى
245 1 0 _aالاتجاهات الفكرية والسياسية فى الوطن العربى /
_cعبدالله لشاهى
300 _a159
490 _a100 قصة
_v0
650 0 4 _aالقومية العربية
650 0 4 _aالثقافة - نظريات
650 0 4 _aالفكر - مذاهب
650 0 4 _aالعالم العربى - تاريخ
942 _2ddc
_cBK
999 _c46698
_d46698